1911 1025 1101 1384 1212 1641 1576 1878 1514 1156 1983 1983 1954 1253 1489 1304 1991 1728 1169 1727 1458 1176 1982 1910 1913 1122 1708 1149 1296 1096 1908 1184 1731 1991 1024 1281 1086 1517 1512 1563 1493 1319 1791 1862 1872 1872 1359 1679 1969 1990 1386 1475 1729 1540 1418 1664 1789 1111 1453 1666 1931 1105 1595 1379 1452 1556 1639 1311 1023 1607 1954 1353 1255 1321 1437 1033 1526 1658 1923 1684 1404 1214 1271 1410 1376 1737 1289 1072 1554 1252 1382 1359 1425 1028 1054 1724 1952 1502 1463 BCNSPRNW ULIB Ver.6.0+V

เปลี่ยนเป็นภาษาไทย

Change to English
 แสดงรายละเอียดบรรณานุกรม
  กลับหน้าหลัก

Brief Record : Get Marc (ISO 2709) : E-mail record : QR code < ปิดหน้าต่าง
LEADER : 00000nam 2200000uu 4500
001    13399112053
003     ULIB
008    110725s2552||||th 000 0 tha d
020    9786117070211 (ล.2)
050  4 H62^bส786ห ล.2 2552
100 0  สุธีระ ประเสริฐสรรพ์
245 10 หลักคิด--การวิจัย 2 /^cสุธีระ ประเสริฐสรรพ์
246 30 หลักคิด..การวิจัย 2
250    พิมพ์ครั้งที่ 1
260    กรุงเทพฯ :^bสำนักงานกองทุนสนับสนุนการวิจัย (สกว.),^c2552
300    5 เล่ม :^bภาพประกอบ ;^c24 ซม.
650  7 การวิจัย
650  7 การศึกษา
650  7 การเรียนรู้
710 2  สำนักงานกองทุนสนับสนุนการวิจัย
740 0  วิจัยใน...ความคิด : เล่มที่ 1
740 0  หลักคิด...การวิจัย : เล่มที่ 2
740 0  วิจัย...เรื่องใกล้ตัว : เล่มที่ 3
740 0  เรียนรู้คู่วิจัย : เล่มที่ 4
740 0  วิจัยใน...จินตนาการ : เล่มที่ 5
945    ^p70^l0^i026431
945    ^p70^l0^i026432
995    ทศพร
999 ^a ทศพร
รายการนี้ยังไม่มีแท็ก
คุณยังไม่ได้ล็อกอิน คุณสามารถมีกิจกรรมร่วมกับเว็บไซต์ได้ แต่ต้องล็อกอินก่อน ::
  ล็อกอิน

รายการสื่อสารสนเทศ

ลำดับที่ ประเภท เลขเรียก/บาร์โค้ด สถานที่ สถานะ
- ไม่พบข้อมูล -

รายการใกล้เคียง
    ผู้แต่ง [สุธีระ ประเสริฐสรรพ์]

    หัวเรื่อง [การวิจัย]
    หัวเรื่อง [การศึกษา]
    หัวเรื่อง [การเรียนรู้]

BibComment


ยังไม่เคยถูกคอมเมนท์

คอมเมนท์ทรัพยากรรายการนี้
  คอมเมนท์: หลักคิดการวิจัย 2..


 Copyright 2026. Bcnsprnw @Library